000 01232nam a2200301Ia 4500
001 ebr10634115
003 CaPaEBR
006 m u
007 cr cn|||||||||
008 121212s2012 enka sb 000 0 eng d
020 _z0718892763
020 _z9780718840990 (ebook)
020 _z9780718892760
040 _aCaPaEBR
_cCaPaEBR
035 _a(OCoLC)830627905
050 1 4 _aGV605
_b.A55 2012eb
100 1 _aAllen, Julia.
245 1 0 _aSwimming with Dr. Johnson and Mrs. Thrale
_h[electronic resource] :
_bsport, health and exercise in eighteenth-century England /
_cJulia Allen.
260 _aCambridge, U.K. :
_bLutterworth Press,
_c2012.
300 _aviii, 297 p. :
_bill.
504 _aIncludes bibliographical references.
533 _aElectronic reproduction.
_bPalo Alto, Calif. :
_cebrary,
_d2013.
_nAvailable via World Wide Web.
_nAccess may be limited to ebrary affiliated libraries.
650 0 _aSports
_zEngland
_xHistory
_y18th century.
650 0 _aExercise
_zEngland
_xHistory
_y18th century.
655 7 _aElectronic books.
_2local
710 2 _aebrary, Inc.
856 4 0 _uhttp://site.ebrary.com/lib/rucke/Doc?id=10634115
_zAn electronic book accessible through the World Wide Web; click to view
999 _c157298
_d157298